Social Informatics SocInfo 2013 International Workshops, QMC and HISTOINFORMATICS, Kyoto, Japan, November 25, 2013, Revised Selected Papers /

This book constitutes the refereed post-proceedings of two workshops held at the 5th International Conference on Social Informatics, SocInfo 2013, in Kyoto, Japan, in November 2013: the First Workshop on Quality, Motivation and Coordination of Open Collaboration, QMC 2013 and the First International...

Πλήρης περιγραφή

Λεπτομέρειες βιβλιογραφικής εγγραφής
Συγγραφή απο Οργανισμό/Αρχή: SpringerLink (Online service)
Άλλοι συγγραφείς: Nadamoto, Akiyo (Επιμελητής έκδοσης), Jatowt, Adam (Επιμελητής έκδοσης), Wierzbicki, Adam (Επιμελητής έκδοσης), Leidner, Jochen L. (Επιμελητής έκδοσης)
Μορφή: Ηλεκτρονική πηγή Ηλ. βιβλίο
Γλώσσα:English
Έκδοση: Berlin, Heidelberg : Springer Berlin Heidelberg : Imprint: Springer, 2014.
Σειρά:Lecture Notes in Computer Science, 8359
Θέματα:
Διαθέσιμο Online:Full Text via HEAL-Link
LEADER 04096nam a22005535i 4500
001 978-3-642-55285-4
003 DE-He213
005 20151031111136.0
007 cr nn 008mamaa
008 140415s2014 gw | s |||| 0|eng d
020 |a 9783642552854  |9 978-3-642-55285-4 
024 7 |a 10.1007/978-3-642-55285-4  |2 doi 
040 |d GrThAP 
050 4 |a QA76.76.A65 
072 7 |a UNH  |2 bicssc 
072 7 |a UDBD  |2 bicssc 
072 7 |a COM032000  |2 bisacsh 
082 0 4 |a 005.7  |2 23 
245 1 0 |a Social Informatics  |h [electronic resource] :  |b SocInfo 2013 International Workshops, QMC and HISTOINFORMATICS, Kyoto, Japan, November 25, 2013, Revised Selected Papers /  |c edited by Akiyo Nadamoto, Adam Jatowt, Adam Wierzbicki, Jochen L. Leidner. 
264 1 |a Berlin, Heidelberg :  |b Springer Berlin Heidelberg :  |b Imprint: Springer,  |c 2014. 
300 |a X, 143 p. 50 illus.  |b online resource. 
336 |a text  |b txt  |2 rdacontent 
337 |a computer  |b c  |2 rdamedia 
338 |a online resource  |b cr  |2 rdacarrier 
347 |a text file  |b PDF  |2 rda 
490 1 |a Lecture Notes in Computer Science,  |x 0302-9743 ;  |v 8359 
505 0 |a Measurement Quality of Online Collaboration in Presence of Negative Relationships -- What Makes a Good Team of Wikipedia Editors? A Preliminary Statistical Analysis -- i Poster: A Collaborative Browsing Platform for Presentation Slides Based on Semantic Structure -- Using E-mail Communication Network for Importance Measurement in Collaboration Environments -- Predicting Best Answerers for New Questions: An Approach Leveraging Topic Modeling and Collaborative Voting -- A Digital Humanities Approach to the History of Science: Eugenics Revisited in Hidden Debates by Means of Semantic Text Mining -- Building the Social Graph of the History of European Integration: A Pipeline for Humanist-Machine Interaction in the Digital Humanities -- From Diagram to Network: A Multi-mode Network Approach to Analyze Diagrams of Art History -- Frame-Based Models of Communities and Their History -- Documenting Social Unrest: Detecting Strikes in Historical Daily Newspapers -- Collective Memory in Poland: A Reflection in Street Names. 
520 |a This book constitutes the refereed post-proceedings of two workshops held at the 5th International Conference on Social Informatics, SocInfo 2013, in Kyoto, Japan, in November 2013: the First Workshop on Quality, Motivation and Coordination of Open Collaboration, QMC 2013 and the First International Workshop on Histoinformatics, HISTOINFORMATICS 2013. The 11 revised papers presented at the workshops were carefully reviewed and selected from numerous submissions. They cover specific areas of social informatics. The QMC 2013 workshop attracted papers on new algorithms and methods to improve the quality or to increase the motivation of open collaboration, to reduce the cost of financial motivation or to decrease the time needed to finish collaborative tasks. The papers presented at HISTOINFORMATICS 2013 aim at improving the interaction between computer science and historical science towards fostering a new research direction of computational history. 
650 0 |a Computer science. 
650 0 |a Computers. 
650 0 |a User interfaces (Computer systems). 
650 0 |a Application software. 
650 1 4 |a Computer Science. 
650 2 4 |a Information Systems Applications (incl. Internet). 
650 2 4 |a User Interfaces and Human Computer Interaction. 
650 2 4 |a Computer Appl. in Arts and Humanities. 
650 2 4 |a Information Systems and Communication Service. 
700 1 |a Nadamoto, Akiyo.  |e editor. 
700 1 |a Jatowt, Adam.  |e editor. 
700 1 |a Wierzbicki, Adam.  |e editor. 
700 1 |a Leidner, Jochen L.  |e editor. 
710 2 |a SpringerLink (Online service) 
773 0 |t Springer eBooks 
776 0 8 |i Printed edition:  |z 9783642552847 
830 0 |a Lecture Notes in Computer Science,  |x 0302-9743 ;  |v 8359 
856 4 0 |u http://dx.doi.org/10.1007/978-3-642-55285-4  |z Full Text via HEAL-Link 
912 |a ZDB-2-SCS 
912 |a ZDB-2-LNC 
950 |a Computer Science (Springer-11645)